One fifth avenue

Bibliographic Details
Main Author: Bushnell, Candace (Author)
Format: Book
Language:English
Published: aLondon : Abacus 2009
Subjects:

MARC

LEADER 00000cam a2200000 7i4500
001 0000028384
005 20241122.0
008 190212 -uk eng
020 |a 9780349119540 
040 |a INS   |b eng   |e rda 
090 0 0 |a PS3552.U8229   |b O54 2008 
100 1 |a Bushnell, Candace ,   |e author 
245 1 0 |a One fifth avenue   |c Candace Bushnell 
264 1 |a aLondon :   |b Abacus   |c 2009 
264 4 |c ©2008 
300 |a 469 pages ;   |c 21 cm. 
336 |a text  |2 rdacontent 
337 |a unmediated  |2 rdamedia 
338 |a volume  |2 rdacarrier 
650 0 |a Apartment houses, Cooperative   |v Fiction 
650 0 |a Manhattan (New York, N.Y.)   |v Fiction 
650 0 |a Young women   |v Fiction 
999 |a 0000024590   |b BOOK   |c Open Shelf   |e Default branch